• 首页
  • 本馆介绍
  • 公告通知
  • 最新文献
  • 馆藏检索
  • 电子资源
  • 读者导购
  • 参考咨询
  • 我的图书馆
  • 登录
  • 详细信息显示
  • 放入我的书架
  • 预约/预借图书
  • 作者相关作品
  • 分类相关作品
  • 丛书相关作品
  • 出版社相关作品

书目信息

  • 表格格式
  • 工作单格式
  • 卡片格式
题名:
训诂学与词汇语义学论集
    
 
作者: 王宁 主编
分册:  
出版信息: 北京   语文出版社  2011.1
页数: 311页
开本: 21cm
丛书名:
单 册:
中图分类: H13-53
科图分类:
主题词: 汉语--词汇学--语义学--文集 , 训诂--文集
电子资源:
ISBN: 978-7-80241-453-2
000 00912nam0 2200265 45
001 1359700593
005 20130529091002.70
010    @a978-7-80241-453-2@dCNY22.00
100    @a20130513d2011 em y0chiy0110 ea
101 0  @achi
102    @aCN@b110000
105    @aak a 000yy
106    @ar
200 1  @a训诂学与词汇语义学论集@AXun Gu Xue Yu Ci Hui Yu Yi Xue Lun Ji@f主编王宁@FZhu Bian Wang Ning
210    @a北京@c语文出版社@d2011.1
215    @a311页@c图@d21cm
300    @a北京师范大学“211工程”三期项目 “基于训诂学的汉语词汇语义学与中西方语义学比较”成果汇编
320    @a有书目
330    @a本次课题分成两个部分:一部分是基于训诂学的汉语词汇语义学的理论构建; 另一部分则是中西方语义学的比较。
606 0  @a汉语@x词汇学@x语义学@j文集
606 0  @a训诂@j文集
690    @aH13-53@v5
701  0 @a王宁@AWang Ning@4主编
801    @aCN@bTANGWEI@c20130522
905    @b0833328-32@dH13-53@e318@f5
    
    训诂学与词汇语义学论集/主编王宁.-北京:语文出版社,2011.1
    311页:图;21cm
    北京师范大学“211工程”三期项目 “基于训诂学的汉语词汇语义学与中西方语义学比较”成果汇编
    
    ISBN 978-7-80241-453-2:CNY22.00
    本次课题分成两个部分:一部分是基于训诂学的汉语词汇语义学的理论构建; 另一部分则是中西方语义学的比较。
●
相关链接 在E读中查询图书 在五车中查询图书 在当当中查询图书 在豆瓣中查询图书


正题名:训诂学与词汇语义学论集     索取号:H13-53/318         预约/预借

序号 登录号 条形码 馆藏地/架位号 状态 备注
1 0833328   208333285   第二样本阅览室/ [索取号:H13-53/318] 在馆    
2 0833329   208333294   第四借阅区/ [索取号:H13-53/318] 在馆    
3 0833330   208333301   第四借阅区/ [索取号:H13-53/318] 在馆    
4 0833331   208333310   密集书库-文学院/ [索取号:H13-53/318] 在馆    
5 0833332   208333329   密集书库-文学院/ [索取号:H13-53/318] 在馆    
唐山师范学院图书馆 欢迎您!
大连网信软件有限公司© 版权所有